Normal view MARC view

Entry Nombre personal

Number of records used in: 1

001 - NÚMERO DE CONTROL

  • campo de control: 133290

003 - IDENTIFICADOR DE NÚMERO DE CONTROL

  • campo de control: SpMaBN

005 - FECHA Y HORA DE LA ÚLTIMA TRANSACCIÓN

  • campo de control: 20240521123539.0

008 - ELEMENTOS DE DATO DE LONGITUD-FIJA

  • campo de control de longitud fija: 901120nn aijnnaabn a aaa

016 ## - NÚMERO DE CONTROL DE UNA AGENCIA BIBLIOGRÁFICA NACIONAL

  • Número de control del registro: BNE19900369053

024 7# - IDENTIFICADOR DE OTROS ESTÁNDARES

  • Número estándar o código: http://viaf.org/viaf/98681641/
  • Fuente: viaf

024 7# - IDENTIFICADOR DE OTROS ESTÁNDARES

  • Número estándar o código: https://isni.org/isni/0000000122833642
  • Fuente: isni

040 ## - FUENTE DE CATALOGACIÓN

  • Centro catalogador/agencia de origen: SpMaBN
  • Lengua de catalogación: spa
  • Centro/agencia transcriptor: SpMaBN
  • Normas de descripción: rdc
  • Convención/Normas de encabezamiento de materia/tesauro: embne

046 ## - FECHAS CON CODIFICACIÓN ESPECIAL

  • Fecha de nacimiento: 1883
  • Fecha de la muerte: 1945

100 1# - ENCABEZAMIENTO-NOMBRE DE PERSONA

  • Nombre de persona: Tolstoï, Alekseï Nikolaevich,
  • Fechas asociadas al nombre: 1883-1945

375 ## - GÉNERO/SEXO

  • Género: Masculino

377 ## - IDIOMA ASOCIADO

  • Código del idioma: rus
  • Término de lengua/lenguaje: Ruso

400 1# - TRAZADO DE VÉASE--NOMBRE DE PERSONA

  • Nombre de persona: Tolstoï, Alekseï,
  • Fechas asociadas al nombre: 1883-1945

400 1# - TRAZADO DE VÉASE--NOMBRE DE PERSONA

  • Nombre de persona: Tolstoy, Alexei,
  • Fechas asociadas al nombre: 1883-1945

670 ## - FUENTE DE DATOS ENCONTRADOS

  • Cita de la fuente: Aélita, 1987

670 ## - FUENTE DE DATOS ENCONTRADOS

  • Cita de la fuente: Dic. de escritores célebres, 1995
  • Información encontrada: (Tolstoi, Alexéi Nicoláievich; escritor soviético (Nicolayevsk, hoy Pugatchev, Samara, 1882-Moscú, 1945))

670 ## - FUENTE DE DATOS ENCONTRADOS

  • Cita de la fuente: WWW LC auth. file, 17-1-2001
  • Información encontrada: (Tolstoy, Aleksey Nikolayevich, graf, 1883-1945)